Joint ventures and Japan.

Guardat en:
Dades bibliogràfiques
Autor corporatiu: Jochi Daigaku. Shakai Keizai Kenkyujo
Altres autors: Ballon, Robert J. (ed.), Akamatsu, Teisuke
Format: Llibre
Idioma:English
Publicat: Tokyo, Sophia University in cooperation with C. E. Tuttle Co., Rutland, Vt. [1967]
Matèries:
LEADER 01272nam a2200289 4500
001 c000041011
003 CARM
005 00000000000000.0
008 680301s1967 ja a 10000 eng
019 1 |a 704776  |5 LACONCORD2021 
035 |a (OCoLC)229879  |5 LACONCORD2021 
043 |a a-ja--- 
050 0 0 |a HD69.I7  |b .J64 
245 0 0 |a Joint ventures and Japan.  |c Robert J. Ballon, editor. Contributors: Teisuke Akamatsu [and others] 
260 |a Tokyo,  |b Sophia University in cooperation with C. E. Tuttle Co., Rutland, Vt.  |c [1967] 
300 |a xii, 138 p.  |b illus.  |c 24 cm. 
500 |a "Compiled from the working papers used in the International Management Development Seminars sponsored by the Socio-Economic Institute of Sophia University." 
650 0 |a Joint ventures  |z Japan. 
650 0 |a Investments, Foreign  |z Japan. 
650 0 |a International business enterprises  |z Japan. 
700 1 |a Ballon, Robert J.  |e ed. 
700 1 |a Akamatsu, Teisuke. 
710 2 0 |a Jochi Daigaku.  |b Shakai Keizai Kenkyujo. 
852 8 |b CARM  |h A2:AD08G0  |i C00531  |p 0031464  |f BK 
082 0 4 |a 658/.04/4 
999 f f |i 3147b82b-e8cb-54fd-b1c9-410be84f1d32  |s f0fac8bc-6ad8-57fa-b3d5-a0a389e6e9ee 
952 f f |p Can circulate  |a CAVAL  |b CAVAL  |c CAVAL  |d CARM 1 Store  |e C00531  |f A2:AD08G0  |h Other scheme  |i book  |m 0031464